|
|
|
|
| LEADER |
00000nam0a2200000 4500 |
| 001 |
16996 |
| 005 |
20231101205122.0 |
| 010 |
|
|
|a 571330583
|
| 035 |
|
|
|a (RuTPU)RU\TPU\book\17125
|
| 035 |
|
|
|a BOOK00001813
|
| 090 |
|
|
|a 16996
|
| 100 |
|
|
|a 20011209d1993 m y0rusy50 ca
|
| 101 |
0 |
|
|a rus
|
| 102 |
|
|
|a RU
|
| 105 |
|
|
|a y z 000zy
|
| 200 |
1 |
|
|a Перед бурей
|e Мемуары лидера партии эсеров
|f В. М. Чернов
|
| 210 |
|
|
|a Москва
|c Международные отношения
|d 1993
|
| 215 |
|
|
|a 406 с.
|
| 606 |
|
|
|a Партия социалистов-революционеров (эсеры)
|x История
|z 1885-1917
|2 stltpush
|3 (RuTPU)RU\TPU\subj\65494
|9 82008
|
| 606 |
|
|
|a Партия левых социалистов-революционеров
|2 stltpush
|3 (RuTPU)RU\TPU\subj\48350
|9 67222
|
| 610 |
1 |
|
|a история
|
| 610 |
1 |
|
|a политические партии
|
| 610 |
1 |
|
|a эсеры
|
| 610 |
1 |
|
|a 19 век
|
| 610 |
1 |
|
|a 20 век
|
| 610 |
1 |
|
|a Россия
|
| 686 |
|
|
|a Т3(2)53-5
|v LBC/SL-A
|2 rubbk
|
| 686 |
|
|
|a Ф69(2)
|v LBC/SL-A
|2 rubbk
|
| 700 |
|
1 |
|a Чернов
|b В. М.
|c российский политический деятель
|c один из основателей парти эссеров
|f 1873-1952
|g Виктор Михайлович
|2 stltpush
|3 (RuTPU)RU\TPU\pers\1149
|9 521
|
| 801 |
|
0 |
|a RU
|b 63413507
|c 20011209
|g PSBO
|
| 801 |
|
2 |
|a RU
|b 63413507
|c 20191024
|g PSBO
|
| 942 |
|
|
|c BK
|